000
00197 a2200097 4500
020
_a
9780061921599
041
_a
eng
100
_a
Numeroff,Laura
245
_a
If you Give a PIg a Party
942
_c
BK
999
_c
31524
_d
31522